Tous les pays commençant par A - Statistiques

Statistiques générales
  • Ce quiz a été pris 294 fois
    216 depuis la dernière actualisation
  • Le résultat moyen est 11 sur 14
Statistiques - réponses
PAYS % Correct
Albanie
91%
Australie
88%
Allemagne
87%
Argentine
87%
Andorre
82%
Arménie
81%
Algérie
80%
Autriche
78%
Afghanistan
73%
Angola
72%
Azerbaidjan
67%
Afrique du SUD
60%
Antigua-et-Barbuda
60%
Arabie Saoudite
58%
Aucun quiz correspondant
Distribution des résultats
% des personnes avec chaque résultat
Percentile par nombre de réponses
Votre historique - résultats
Vous n’avez pas pris ce quiz depuis la dernière actualisation